header

Environmental chemistry of animal manure (Record no. 76195)

MARC details
000 -LEADER
fixed length control field 01529nam a2200385Ia 4500
245 00 - TITLE STATEMENT
Title Environmental chemistry of animal manure
260 ## - PUBLICATION, DISTRIBUTION, ETC. (IMPRINT)
Place of publication New York :
Name of publisher Nova Science Publishers,
Year of publication c2011.
300 ## - PHYSICAL DESCRIPTION
Number of Pages viii, 459 p. :
Other physical details ill.
490 1# - SERIES STATEMENT
Series statement Animal science, issues and professions
Series statement Environmental science, engineering and technology
650 #0 - SUBJECT ADDED ENTRY--TOPICAL TERM
Topical Term Agricultural chemistry.
Topical Term Chemistry, Analytic.
Topical Term Environmental chemistry.
Topical Term Farm manure.
700 1# - ADDED ENTRY--PERSONAL NAME
Personal name He, Zhongqi.
856 40 - ELECTRONIC LOCATION AND ACCESS
Uniform Resource Identifier http://site.ebrary.com/lib/rucke/Doc?id=10654903

No items available.

© 2026 Rongo University
Contact us: librarian | system librarian | Rongo university